| 000 | 00460nam a2200169 a 4500 | ||
|---|---|---|---|
| 001 | 1398 | ||
| 003 | CDMR | ||
| 005 | 20151016124801.0 | ||
| 008 | 130130s1991||||||||||||||||||||||||||||d | ||
| 020 | _a8476981600 | ||
| 040 |
_aCDMR _bcat _cCPC LLEIDA |
||
| 245 | 0 | 0 | _aGuia jurídica del periodista |
| 260 |
_aBarcelona _bJM Bosch |
||
| 260 |
_c1991 _bCol·legi de Periodistes de Catalunya |
||
| 710 | 2 |
_9133 _aCol·legi de Periodistes de Catalunya |
|
| 942 |
_cMON _2udc |
||
| 999 |
_c1398 _d1398 |
||